Personajes de "Aquí no hay quien viva" por imagen - Versión fácil - Estadísticas

Estadísticas generales
  • Esta prueba ha sido intentada 74 veces
  • La puntuación promedio es 19 de 20
Estadísticas de respuestas
Imagen Respuesta % Correcto
Emilio Delgado
100%
Juan Cuesta
100%
Belén López
98%
Mauricio Hidalgo
98%
Concepción de la Fuente
97%
Paloma Hurtado
97%
Josemi Cuesta
95%
Lucía Álvarez
95%
Isabel Ruiz
93%
Mariano Delgado
91%
Natalia Cuesta
91%
Paco el del Videoclub
91%
Roberto Alonso
91%
Alicia Sanz
90%
Andrés Guerra
90%
Fernando Navarro
90%
Marisa Benito
90%
Vicenta Benito
90%
Carlos de Haro
88%
Beatriz Villarejo
86%
No se encontraron pruebas coincidentes
Distribución de puntuación
Porcentaje de gente con cada puntuación
Porcentaje por número respondido
Historial de tus puntuaciones
No has intentado esta prueba.